5HLuxD.jpg

KING HENRY VIII SENIOR AND PRIMARY SCHOOL LIBRARY OPAC

HARRIET TUBMAN (Record no. 4475)

000 -LEADER
fixed length control field 00266nam a22001097a 4500
008 - FIXED-LENGTH DATA ELEMENTS--GENERAL INFORMATION
fixed length control field 250225b ||||| |||| 00| 0 eng d
020 ## - INTERNATIONAL STANDARD BOOK NUMBER
International Standard Book Number 9781786032270
082 ## - DEWEY DECIMAL CLASSIFICATION NUMBER
Classification number 326.8092 VEG
100 ## - MAIN ENTRY--PERSONAL NAME
Personal name VEGARA,M ISABEL SANCHEZ
Relator term AUTHOR
245 ## - TITLE STATEMENT
Title HARRIET TUBMAN
942 ## - ADDED ENTRY ELEMENTS (KOHA)
Source of classification or shelving scheme
Holdings
Withdrawn status Lost status Source of classification or shelving scheme Damaged status Not for loan Collection code Permanent Location Current Location Shelving location Date acquired Total Checkouts Full call number Barcode Date last seen Date last checked out Price effective from Koha item type Public note
          Non-Fiction KH8 Primary School Library KH8 Primary School Library Non Fiction 2025-02-25 2 326.8092 VEG KHPL000006230 2026-03-16 2026-03-02 2025-02-25 Books - Non Ficton KH8 PRIMARY LIBRARY

Powered By KH8 IT Dept